000 00576nam a2200217Ia 4500
005 20250508165107.0
008 008 250505s9999 xx 000 0 hin d
020 _a81-7229-107-8
037 _aTextual
040 _aFEDL
_beng
_cFEDL
041 _ahin
_2hin
084 _a968, GAN
_qFEDL
100 _aGandhiji
245 0 _aDakshin Africa ke satyagrah ka itihas
260 _aAhmedabad, India
_bNavjivan Prakashan Mandir
_c1968
300 _a400p.
365 _aINR
_b150
546 _aMACESE
942 _cTEXL
_h968, GAN
999 _c1393119
_d1393119